| 000 | 00682nam a22002291c 4500 | ||
|---|---|---|---|
| 001 | 491628331 | ||
| 008 | 080522s2005 gw |||| 000u eng d | ||
| 020 |
_a3039102834 _93-03-910283-4 |
||
| 041 | _aeng | ||
| 100 | 1 | _aPoley, Jared | |
| 245 | 0 | 0 |
_aDecolonization in Germany : _bWeimar narratives of colonial loss and foreign occupation / _cJared Poley |
| 264 |
_aOxford [u.a.] : _bLang, _c2005 |
||
| 300 | _a281 S. ; 225 mm x 150 mm | ||
| 650 | 0 | _aKolonialismus | |
| 650 | 0 | _aImperialismus | |
| 650 | 0 | _aVersailler Vetrag | |
| 650 | 0 | _aEntkolonialisierung | |
| 942 | _cMG | ||
| 040 | _cRU-10907106 | ||
| 003 | RU-10907106 | ||
| 999 |
_c15219 _d15219 |
||
| 490 | 0 |
_aStudies in modern German literature _v99 |
|